Komentár k novele zákona o účtovníctve
Zákon č. 431/2002 Z. z. o účtovníctve v znení neskorších predpisov bol s účinnosťou k 1. januáru 2014 významne novelizovaný, a to zákonom č. 352/2013 Z. z. Zámerom novely zákona o účtovníctve bolo predovšetkým zníženie administratívnej záťaže a rozšírenie ustanovení vzťahujúcich sa na Register účto...
Uložené v:
| Hlavný autor: | |
|---|---|
| Médium: | Kapitola |
| Jazyk: | Slovak |
| Predmet: | |
| Tagy: |
Žiadne tagy, Buďte prvý, kto otaguje tento záznam!
|
MARC
| LEADER | 00000naa a2200000 4500 | ||
|---|---|---|---|
| 001 | 0186849 | ||
| 005 | 20231204111813.1 | ||
| 041 | 0 | |a slo | |
| 044 | |a SK | ||
| 245 | 1 | 0 | |a Komentár k novele zákona o účtovníctve |c Lucia Hirtlová |
| 520 | |a Zákon č. 431/2002 Z. z. o účtovníctve v znení neskorších predpisov bol s účinnosťou k 1. januáru 2014 významne novelizovaný, a to zákonom č. 352/2013 Z. z. Zámerom novely zákona o účtovníctve bolo predovšetkým zníženie administratívnej záťaže a rozšírenie ustanovení vzťahujúcich sa na Register účtovných závierok (výročná správa), správa audítora a oznámenie o schválení účtovnej závierky). | ||
| 610 | 2 | 0 | |a Slovensko |
| 610 | 2 | 0 | |a zákony |
| 610 | 2 | 0 | |a novelizácia |
| 610 | 2 | 0 | |a komentáre |
| 610 | 2 | 0 | |a účtovníctvo |
| 100 | 1 | |a Hirtlová, Lucia | |